| 000 | 01631cam a22003734a 4500 | ||
|---|---|---|---|
| 001 | 13986144 | ||
| 003 | OSt | ||
| 005 | 20230704085024.0 | ||
| 008 | 050531s2005 dcua b i000 0 eng c | ||
| 010 | _a 2005276778 | ||
| 020 | _a1589062507 | ||
| 035 | _a(OCoLC)ocm57615887 | ||
| 040 |
_aDJB _cDJB _dOCLCQ _dAFQ _dDLC |
||
| 042 | _apcc | ||
| 043 | _acl----- | ||
| 082 | 0 | 0 |
_a339.5 _bSIN |
| 245 | 0 | 0 |
_aStabilization and reform in Latin America : _ba macroeconomic perspective on the experience since the early 1990s / _cAnoop Singh ... [et al.]. |
| 260 |
_aWashington, D.C. : _bInternational Monetary Fund, _c2005. |
||
| 300 |
_axx, 116 p. : _bill. ; _c28 cm. |
||
| 490 | 1 |
_aOccasional paper / International Monetary Fund ; _v238 |
|
| 500 | _a"Anoop Singh, Agnès Belaisch, Charles Collyns, Paula De Masi, Reva Krieger, Guy Meredith, and Robert Rennhack." | ||
| 504 | _aIncludes bibliographical references. | ||
| 530 | _aAlso available on the World Wide Web. | ||
| 610 | 2 | 0 |
_aInternational Monetary Fund _zLatin America. |
| 651 | 0 |
_aLatin America _xEconomic policy. |
|
| 651 | 0 |
_aLatin America _xEconomic conditions _y1982- |
|
| 700 | 1 | _aSingh, Anoop. | |
| 830 | 0 |
_aOccasional paper (International Monetary Fund) ; _v238. |
|
| 856 | 4 | 1 |
_3Table of contents only _uhttp://www.loc.gov/catdir/toc/fy0612/2005276778.html |
| 856 | 4 | 1 |
_3Full text ; _zin .pdf format: _uhttp://www.imf.org/external/pubs/ft/op/238/index.htm |
| 906 |
_a7 _bcbc _cpccadap _d2 _encip _f20 _gy-gencatlg |
||
| 942 |
_2ddc _cBK |
||
| 999 |
_c3575 _d3575 |
||